| 000 | 00455cam a22001577a 4500 | ||
|---|---|---|---|
| 008 | 180718b2008 xxu||||| |||| 00| 0 eng d | ||
| 020 | _a0415416696 | ||
| 082 | _aT34 Sk13 | ||
| 100 | _aSkalen, Per | ||
| 245 |
_aMarketing discourse: a critical perspective _cby Per Skalen, Martin Fougere and Markus Fellesson |
||
| 260 |
_aLondon _bRoutledge _c2008 |
||
| 300 | _a190p. | ||
| 650 | _aMarketing | ||
| 700 | _aFellesson, Markus | ||
| 700 | _aFougere, Martin | ||
| 999 |
_c407407 _d407407 |
||